| 000 | 00851nam a2200241 a 4500 | ||
|---|---|---|---|
| 001 | BRL_1413 | ||
| 005 | 20190320211207.0 | ||
| 008 | 130114s1981----mx-a######---#000-0#spa-# | ||
| 041 | _aspa | ||
| 044 | _amx | ||
| 050 | 4 |
_aGR115.5.C46 _b.P73 1981 |
|
| 245 | 1 | 0 |
_aPráctricas médicas tradicionales de los altos de Chiapas _cgrabados Marcelino Jiménez Uribe ; redacción y diagramación Ma. Teresa Bellato F. |
| 260 |
_aSan Cristóbal de las Casas, Chiapas _bCentro coordinador Tzeltal- Tzotzil _c1981 |
||
| 300 |
_a29 p. _bil., grabados _c24 cm. |
||
| 440 | 0 |
_aMínimos de bienestar _926821 |
|
| 500 | _aAu1702 | ||
| 650 | 1 | 4 |
_aMedicina tradicional _zChiapas _926822 |
| 650 | 1 | 4 |
_aBotánica medica _zChiapas _926823 |
| 700 | 1 |
_aJiménez Uribe, Marcelino _eil. _926824 |
|
| 700 | 1 |
_aBellato F., Ma. Teresa _926825 |
|
| 902 | _aGRL | ||
| 942 |
_2lcc _cB |
||
| 999 |
_c10223 _d10223 |
||